A narrative of the siege of Delhi (Record no. 553165)

000 -LEADER
fixed length control field 00567nam a22001577a 4500
082 ## - DEWEY DECIMAL CLASSIFICATION NUMBER
Classification number 954.0317
Author Mark GRI
100 1# - MAIN ENTRY--PERSONAL NAME
Personal name Griffiths, Charles John.
9 (RLIN) 50431
245 12 - TITLE STATEMENT
Title A narrative of the siege of Delhi
Remainder of title with an account of the mutiny at Ferozepore in 1857 /
Statement of responsibility, etc. by Charles John Griffiths ; edited by Henry John Yonge.
260 ## - PUBLICATION, DISTRIBUTION, ETC.
Place of publication, distribution, etc. London :
Name of publisher, distributor, etc. John Murray,
Date of publication, distribution, etc. 1910.
300 ## - PHYSICAL DESCRIPTION
Extent xiv, 260 p. :
Other physical details ill., maps ;
Dimensions 21 cm.
500 ## - GENERAL NOTE
General note Includes index.
526 ## - STUDY PROGRAM INFORMATION NOTE
Program name 0
Interest level 0
Reading level 0
Title point value 954_031700000000000_GRI
650 ## - SUBJECT ADDED ENTRY--TOPICAL TERM
Topical term or geographic name entry element MCE
9 (RLIN) 379
700 1# - ADDED ENTRY--PERSONAL NAME
Personal name Yonge, Henry John.
9 (RLIN) 50432
942 ## - ADDED ENTRY ELEMENTS (KOHA)
Source of classification or shelving scheme
Koha item type Book
Holdings
Withdrawn status Lost status Source of classification or shelving scheme Damaged status Not for loan Permanent Location Current Location Shelving location Date acquired Total Checkouts Full call number Barcode Date last seen Price effective from Koha item type
          Military College of Engineering (MCE) Military College of Engineering (MCE)   01/30/2015   954.0317 GRI MCE-ECN .4 01/30/2015 01/30/2015 Book
© 2023 Central Library, National University of Sciences and Technology. All Rights Reserved.